MARC

LEADER 00000nam0a2200000 4500
001 160494
005 20231101222207.0
035 |a (RuTPU)RU\TPU\book\174041 
090 |a 160494 
100 |a 20090523d1962 km y0rusy50 ca 
101 0 |a rus 
102 |a RU 
105 |a a z 001zy 
200 1 |a Атлас микроструктур цементных клинкеров, огнеупоров и шлаков  |f П. Ф. Коновалов, Б. В. Волконский, А. П. Хашковская  |g под ред. Н. А. Торопова 
210 |a Ленинград  |a Москва  |c Госстройиздат  |d 1962 
215 |a 207 с.  |c ил. 
320 |a Библиогр.: с. 206. 
606 |a Клинкер  |x Фазовый состав  |2 stltpush  |3 (RuTPU)RU\TPU\subj\35370  |9 57069 
606 |a Шлаки  |x Применение в строительстве  |2 stltpush  |3 (RuTPU)RU\TPU\subj\19239  |9 44513 
606 |a Огнеупорные материалы  |x Химический анализ  |2 stltpush  |3 (RuTPU)RU\TPU\subj\35124  |9 56891 
610 1 |a кристаллы 
610 1 |a строение 
610 1 |a поляризационные микроскопы 
610 1 |a шлифы 
610 1 |a изготовление 
610 1 |a промышленные отходы 
610 1 |a петрографические характеристики 
610 1 |a цементы 
610 1 |a сырьевые материалы 
610 1 |a кристаллооптика 
610 1 |a огнеупоры 
610 1 |a микроструктура 
610 1 |a атласы 
675 |a 666.76(084)  |v 3 
675 |a 666.942(084)  |v 3 
675 |a 691.33(084)  |v 3 
700 1 |a Коновалов  |b П. Ф.  |g Петр Федорович 
701 1 |a Волконский  |b Б. В.  |g Борис Васильевич 
701 1 |a Хашковская  |b А. П. 
702 1 |a Торопов  |b Н. А.  |c физикохимик  |c член-корреспондент АН СССР  |f 1908-1968  |g Никита Александрович  |2 stltpush  |3 (RuTPU)RU\TPU\pers\35212  |4 340  |9 18477 
801 1 |a RU  |b 63413507  |c 20090523  |g PSBO 
801 2 |a RU  |b 63413507  |c 20210215  |g RCR 
942 |c BK